00634nam a2200205Ia 4500003000900000008004100009020001800050040001600068080001900084100002200103245012100125250001200246260004400258300001500302650001600317650004100333650001900374650002400393650001100417IN-BaIIA211028s9999 xx 000 0 eng d a0-85274-357-2 cIIA Library a535.313.6bSLY aSlyussarev, G. G. 0aAberration and optical design theory, Tr by J.H.DixoncG. G. Slyussarev  a2nd ed. aBristol, Adam HilgerbAdam Hilgerc1984 axii, 660p. aAberrations aAstronomy and Astrophysics Thesaurus aOptical Design aOptical Instruments aOptics